Central Library OPAC University of Rajshahi

The Agricultural and food sector in the new global era / (Record no. 37663)

MARC details
000 -LEADER
fixed length control field 01204nam a2200289 a 4500
001 - CONTROL NUMBER
control field 37663
003 - CONTROL NUMBER IDENTIFIER
rucl marc code BD-RjUL
005 - DATE AND TIME OF LATEST TRANSACTION
control field 20211209052631.0
008 - FIXED-LENGTH DATA ELEMENTS--GENERAL INFORMATION
fixed length control field 931217s1993 ii a b 101 0 eng d
020 ## - INTERNATIONAL STANDARD BOOK NUMBER
International Standard Book Number 8170224640
035 ## - SYSTEM CONTROL NUMBER
System control number (BD-RjUL)37767
040 ## - CATALOGING SOURCE
Original cataloging agency MUU
Transcribing agency MUU
Modifying agency EQO
-- BD-RjUL
Language of cataloging eng
041 ## - LANGUAGE CODE
Language code of text/sound track or separate title eng
082 ## - DEWEY DECIMAL CLASSIFICATION NUMBER
Edition number 19
Classification number 630
Author mark and year AGR 1993
090 ## - LOCALLY ASSIGNED LC-TYPE CALL NUMBER (OCLC); LOCAL CALL NUMBER (OCLC)
Classification number (OCLC) (R) ; Classification number, CALL (RLIN) (NR) HD1417
Local cutter number (OCLC) ; Book number/undivided call number, CALL (RLIN) .A465 1993
245 04 - TITLE STATEMENT
Title The Agricultural and food sector in the new global era /
Statement of responsibility, etc. [edited by] Alessandro Bonanno.
260 ## - PUBLICATION, DISTRIBUTION, ETC. (IMPRINT)
Place of publication, distribution, etc. New Delhi :
Name of publisher, distributor, etc. Concept Pub. Co,
Date of publication, distribution, etc. c1993.
300 ## - PHYSICAL DESCRIPTION
Pagination 240 p. :
Illustrations ill. ;
Size 23 cm
500 ## - GENERAL NOTE
General note "The papers contained in this volume were originally read at the international multidisciplinary coonference "The Globalization of the Agricultural and Food Order" held at the University of Missouri-Columbia, USA in June of 1991."--Introduction
504 ## - BIBLIOGRAPHY, ETC. NOTE
Bibliography, etc Includes bibliographical references
650 #0 - SUBJECT ADDED ENTRY--TOPICAL TERM
Topical term or geographic name as entry element Agriculture
General subdivision Social aspects
-- Congresses
9 (RLIN) 115805
Topical term or geographic name as entry element Food
Form subdivision Congresses
9 (RLIN) 115806
Topical term or geographic name as entry element Sociology, Rural
General subdivision Congresses
9 (RLIN) 115807
700 1# - ADDED ENTRY--PERSONAL NAME
Personal name Bonanno, Alessandro.
711 2# - ADDED ENTRY--MEETING NAME
Meeting name or jurisdiction name as entry element Globalization of the Agricultural and Food Order
Date of meeting (1991 :
Location of meeting Columbia, Mo.)
9 (RLIN) 115809
942 ## - ADDED ENTRY ELEMENTS (KOHA)
Source of classification or shelving scheme Dewey Decimal Classification
Koha item type Books
Holdings
Lost status Source of classification or shelving scheme Damaged status Not for loan Collection code Permanent Location Current Location Shelving location Date acquired Total Checkouts Full call number Date last seen Copy number Koha item type
  Dewey Decimal Classification   Not For Loan Non-fiction Institute of Biological Sciences (IBSc) Library Institute of Biological Sciences (IBSc) Library   05/02/2015   630 AGR 1993 05/02/2015 C-1 Books